| 000 | 01824nab a22004577a 4500 | ||
|---|---|---|---|
| 003 | AR-RoUNA | ||
| 022 | _a03282384 | ||
| 040 |
_aAR-RoUNA _bspa |
||
| 041 |
_aspa _hspa |
||
| 044 | _aag | ||
| 110 |
_98413 _aSecretaria de Ciencia y Técnica. _bBoletín de la Secretaria |
||
| 245 |
_aCiencia y Tecnica _hNº 6 _bBoletín de la Secretaría |
||
| 260 |
_aBuenos Aires : _bUP, _c1994 |
||
| 300 |
_a59 p. : _bplantas _bfot. byn. _c26x 20 cm |
||
| 505 | _tINDICE | ||
| 505 | _tPANORAMA | ||
| 505 | _aMensaje Presidencial del 1ero. de Mayo: El papel de la Ciencia y la tecnología. p. 4 | ||
| 505 | _tPROGRAMAS NACIONALES | ||
| 505 | _aPrograma Nacional de Investigación en Recursos Naturales Renovables. p. 7 | ||
| 505 | _tCONICET | ||
| 505 | _aLa vista de César Milstein. p. 12 | ||
| 505 | _aFacultad de Matemáticas, Astronomía y Física. FAMAF. p. 14 | ||
| 505 | _aObservatorio Astronómico de Córdoba. p. 16 | ||
| 505 | _aEn memoria de Alfredo Lanari. p. 18 | ||
| 505 | _tCOORDINACIÓN Y PLANIFICACIÓN | ||
| 505 | _aConsejo Interinstitucional de Ciencia y Técnica (CICYT). p. 20 | ||
| 505 | _aProyectos de investigación y desarrollo y Región Patagónica. p. 22 | ||
| 505 | _tINFORMÁTICA | ||
| 505 | _aLas computadoras en la educación. p. 23 | ||
| 505 | _aAsamblea del Consejo Federal de Informática. p. 25 | ||
| 505 | _aInvestigación y Desarrollo. p. 25 | ||
| 505 | _aFundación para la informática. p.27 | ||
| 650 |
_aArquitectura _911395 |
||
| 650 |
_aCiencia _911396 |
||
| 773 | 0 |
_aBoletín de la Secretaría: Ciencia y Técnica _dBuenos Aires, Aller Atucha y Asociados. 1988 _gnro.9 (jun-1985), 59 p _x03265773 |
|
| 856 | _uwww.secyt.unlu.edu.ar | ||
| 908 | _aImp | ||
| 942 |
_2udc _cART |
||
| 945 |
_aMBP _d2018-06-12 |
||
| 980 |
_81 _gMaricel Allasia _61 _aMaricel Allasia |
||
| 999 |
_c12469 _d12469 |
||